[Event "Titled Tuesdat 2025.02.11 Late"]
[Site "chess.com INT"]
[Date "2025.02.11"]
[Round "5"]
[White "Mendes, Aaron Reeve"]
[Black "Zampronha, W."]
[Result "1-0"]
[WhiteElo "2335"]
[BlackElo "2157"]
[PlyCount "73"]
[GameId "2146417135179138"]
[EventDate "2025.02.11"]
[EventType "swiss (blitz)"]
[EventRounds "11"]
[EventCountry "NET"]
[SourceTitle "The Week in Chess 1580"]
[Source "Mark Crowther"]
[SourceDate "2025.02.17"]
[SourceVersion "1"]
[SourceVersionDate "2025.02.17"]
[SourceQuality "2"]

1. e4 c5 2. Nf3 e6 3. b3 d5 4. exd5 Qxd5 5. Bb2 Nc6 6. g3 e5 7. d3 Bg4 8. Bg2 Nd4 9. Nbd2 Nxf3+ 10. Nxf3 f6 11. O-O Qd7 12. Re1 O-O-O 13. Re4 Bf5 14. Ra4 Kb8 15. Rc4 Be6 16. Re4 Bd5 17. Re1 Nh6 18. Nd2 Bxg2 19. Kxg2 Nf5 20. Ne4 h5 21. h4 Be7 22. Qd2 g5 23. hxg5 h4 24. gxf6 hxg3 25. Bxe5+ Ka8 26. fxg3 Bd6 27. Nxd6 Nxd6 28. Qf4 Qh3+ 29. Kf2 Qh2+ 30. Kf3 Qxc2 31. Bxd6 Rh2 32. Qe3 Qg2+ 33. Kf4 Rh6 34. Be5 Rf8 35. Qxc5 Rhxf6+ 36. Bxf6 Rxf6+ 37. Kg5 1-0

[Event "Titled Tuesdat 2025.02.11 Late"]
[Site "chess.com INT"]
[Date "2025.02.11"]
[Round "6"]
[White "Shohat, Yotam"]
[Black "Mendes, Aaron Reeve"]
[Result "1-0"]
[WhiteElo "2389"]
[BlackElo "2335"]
[PlyCount "53"]
[GameId "2146417135232520"]
[EventDate "2025.02.11"]
[EventType "swiss (blitz)"]
[EventRounds "11"]
[EventCountry "NET"]
[SourceTitle "The Week in Chess 1580"]
[Source "Mark Crowther"]
[SourceDate "2025.02.17"]
[SourceVersion "1"]
[SourceVersionDate "2025.02.17"]
[SourceQuality "2"]

1. e4 c5 2. Nf3 d6 3. d4 cxd4 4. Nxd4 Nf6 5. Nc3 a6 6. Bg5 e6 7. f4 Be7 8. Qf3 Qc7 9. O-O-O Nbd7 10. g4 h6 11. Bxf6 Bxf6 12. h4 Nb6 13. g5 Bxd4 14. Rxd4 Qc5 15. Rd3 hxg5 16. hxg5 Rxh1 17. Qxh1 Qf2 18. Rf3 Qe1+ 19. Nd1 Qxe4 20. Bg2 Qd4 21. c3 Qa4 22. Qh8+ Ke7 23. Qxg7 Bd7 24. Qf6+ Ke8 25. Rh3 Bb5 26. Rh8+ Kd7 27. Qxf7# 1-0

[Event "Titled Tuesdat 2025.02.11 Late"]
[Site "chess.com INT"]
[Date "2025.02.11"]
[Round "8"]
[White "Mendes, Aaron Reeve"]
[Black "Duarte Fernandez, Agustin"]
[Result "1-0"]
[WhiteElo "2335"]
[BlackElo "2000"]
[PlyCount "57"]
[GameId "2146417135392666"]
[EventDate "2025.02.11"]
[EventType "swiss (blitz)"]
[EventRounds "11"]
[EventCountry "NET"]
[SourceTitle "The Week in Chess 1580"]
[Source "Mark Crowther"]
[SourceDate "2025.02.17"]
[SourceVersion "1"]
[SourceVersionDate "2025.02.17"]
[SourceQuality "2"]

1. e4 g6 2. d4 Bg7 3. c3 d6 4. Be3 e6 5. f3 Ne7 6. Qd2 b6 7. Bd3 h6 8. Ne2 Bb7 9. h4 Nd7 10. Na3 d5 11. e5 a6 12. h5 g5 13. g4 f5 14. f4 gxf4 15. Nxf4 Bxe5 16. Nxe6 Qc8 17. dxe5 Nxe5 18. Ng7+ Kf7 19. O-O-O Nxg4 20. Nxf5 d4 21. Rhf1 dxe3 22. Nxe3+ Nf6 23. Qf2 Neg8 24. Bg6+ Kg7 25. Nf5+ Kf8 26. Rfe1 Be4 27. Ne7 Qe6 28. Nxg8 Qxa2 29. Qxf6+ 1-0

[Event "Titled Tuesdat 2025.02.11 Late"]
[Site "chess.com INT"]
[Date "2025.02.11"]
[Round "9"]
[White "Mendes, Aaron Reeve"]
[Black "Karvatskyi, Oleksii"]
[Result "0-1"]
[WhiteElo "2335"]
[BlackElo "2160"]
[PlyCount "54"]
[GameId "2146417135454269"]
[EventDate "2025.02.11"]
[EventType "swiss (blitz)"]
[EventRounds "11"]
[EventCountry "NET"]
[SourceTitle "The Week in Chess 1580"]
[Source "Mark Crowther"]
[SourceDate "2025.02.17"]
[SourceVersion "1"]
[SourceVersionDate "2025.02.17"]
[SourceQuality "2"]

1. e4 c5 2. Nf3 e6 3. b3 d6 4. Bb2 e5 5. g3 Nc6 6. Bg2 Nf6 7. O-O g6 8. Re1 Bg7 9. c3 O-O 10. d4 exd4 11. cxd4 Nd7 12. Na3 cxd4 13. Nxd4 Nde5 14. Nab5 Bg4 15. Qd2 a6 16. Nxc6 bxc6 17. Qxd6 axb5 18. Bxe5 Qxd6 19. Bxd6 Bxa1 20. Rxa1 Rfc8 21. e5 Be6 22. Rc1 Rxa2 23. Rxc6 Ra1+ 24. Bf1 Rxc6 25. Kg2 Bd5+ 26. f3 Rc2+ 27. Kh3 Rxf1 0-1

[Event "Titled Tuesdat 2025.02.11 Late"]
[Site "chess.com INT"]
[Date "2025.02.11"]
[Round "10"]
[White "Paulsen, D."]
[Black "Mendes, Aaron Reeve"]
[Result "1/2-1/2"]
[WhiteElo "2316"]
[BlackElo "2335"]
[PlyCount "61"]
[GameId "2146417135515876"]
[EventDate "2025.02.11"]
[EventType "swiss (blitz)"]
[EventRounds "11"]
[EventCountry "NET"]
[SourceTitle "The Week in Chess 1580"]
[Source "Mark Crowther"]
[SourceDate "2025.02.17"]
[SourceVersion "1"]
[SourceVersionDate "2025.02.17"]
[SourceQuality "2"]

1. d4 d5 2. c4 c6 3. Nf3 Nf6 4. Nc3 dxc4 5. a4 Bf5 6. Nh4 e6 7. Nxf5 exf5 8. e3 Bd6 9. Bxc4 O-O 10. Qc2 g6 11. f3 a5 12. O-O Bb4 13. Qf2 Nbd7 14. e4 c5 15. Bh6 cxd4 16. Bxf8 Bxf8 17. Nd5 Nxd5 18. Bxd5 d3 19. Kh1 Bb4 20. Qd4 d2 21. Bxb7 Rb8 22. Bc6 Nc5 23. Bd5 Nb3 24. Bxf7+ Kxf7 25. Qc4+ Kg7 26. Qxb3 fxe4 27. fxe4 Rb7 28. Rad1 Qe7 29. Qf3 Rc7 30. e5 Qxe5 31. Rxd2 1/2-1/2

[Event "Titled Tuesdat 2025.02.11 Late"]
[Site "chess.com INT"]
[Date "2025.02.11"]
[Round "11"]
[White "Mendes, Aaron Reeve"]
[Black "Zwahr, P."]
[Result "1-0"]
[WhiteElo "2335"]
[BlackElo "2291"]
[PlyCount "83"]
[GameId "2146417135573374"]
[EventDate "2025.02.11"]
[EventType "swiss (blitz)"]
[EventRounds "11"]
[EventCountry "NET"]
[SourceTitle "The Week in Chess 1580"]
[Source "Mark Crowther"]
[SourceDate "2025.02.17"]
[SourceVersion "1"]
[SourceVersionDate "2025.02.17"]
[SourceQuality "2"]

1. e4 e5 2. Nf3 Nc6 3. d4 exd4 4. Nxd4 Nf6 5. Nxc6 bxc6 6. Nd2 d5 7. exd5 cxd5 8. Bb5+ Bd7 9. Bxd7+ Qxd7 10. O-O Be7 11. b3 O-O 12. Bb2 c5 13. Nf3 Rad8 14. Ne5 Qc7 15. h3 Bd6 16. Ng4 Nxg4 17. Qxg4 Be5 18. Bxe5 Qxe5 19. Rad1 Qc3 20. Qf5 c4 21. Rxd5 Rxd5 22. Qxd5 Qxc2 23. Qxc4 Qxa2 24. Rd1 Re8 25. Rd7 Qb1+ 26. Kh2 Qf5 27. Qd4 a5 28. Rd8 Qe6 29. Qd5 Kf8 30. Qc5+ Qe7 31. Rxe8+ Kxe8 32. Qxa5 Qd6+ 33. g3 Qd3 34. Qe5+ Kf8 35. b4 f6 36. Qc5+ Kf7 37. b5 Qe2 38. b6 Qb2 39. Kg2 Ke6 40. Qc6+ Ke5 41. b7 Qb4 42. Qc7+ 1-0

[Event "Titled Tuesday 2025.02.18 Late"]
[Site "chess.com INT"]
[Date "2025.02.18"]
[Round "1"]
[White "Schuster, K."]
[Black "Mendes, Aaron Reeve"]
[Result "0-1"]
[WhiteElo "2255"]
[BlackElo "2335"]
[PlyCount "114"]
[GameId "2148950860027239"]
[EventDate "2025.02.18"]
[EventType "swiss (blitz)"]
[EventRounds "11"]
[EventCountry "NET"]
[SourceTitle "The Week in Chess 1581"]
[Source "Mark Crowther"]
[SourceDate "2025.02.24"]
[SourceVersion "1"]
[SourceVersionDate "2025.02.24"]
[SourceQuality "2"]

1. d4 d5 2. c4 c6 3. cxd5 cxd5 4. Bf4 Nc6 5. e3 Nf6 6. Nc3 a6 7. Bd3 Bg4 8. Nge2 e6 9. Rc1 Bd6 10. Qb3 Na5 11. Qc2 O-O 12. O-O Nc6 13. a3 h6 14. Bxd6 Qxd6 15. Nf4 Nxd4 16. Qb1 Nc6 17. h3 Bh5 18. g4 Bg6 19. Bxg6 fxg6 20. Nxg6 Rf7 21. Qd3 Nd7 22. f4 Nc5 23. Qe2 Rf6 24. Nh4 Raf8 25. b4 Nd7 26. Rcd1 Qb8 27. Ne4 R6f7 28. Nc5 Nxc5 29. bxc5 Re8 30. Ng6 Qc7 31. Qc2 Rf6 32. Kg2 Qf7 33. Ne5 Qc7 34. Qc3 Nxe5 35. fxe5 Rxf1 36. Rxf1 Rc8 37. Rc1 Qc6 38. Kg3 b6 39. e4 dxe4 40. Qd4 bxc5 41. Qb2 c4 42. Qd4 Qd5 43. Rd1 Qxd4 44. Rxd4 c3 45. Rd1 c2 46. Rc1 Rc3+ 47. Kf4 e3 48. Kf3 Kf7 49. h4 g5 50. h5 Ke7 51. Ke2 Kd7 52. Kf3 Kc6 53. Ke2 Kd5 54. Kf3 Kxe5 55. Ke2 Ke4 56. Ke1 Kd3 57. a4 a5 0-1

[Event "Titled Tuesday 2025.02.18 Late"]
[Site "chess.com INT"]
[Date "2025.02.18"]
[Round "2"]
[White "Mendes, Aaron Reeve"]
[Black "Massarioli, F."]
[Result "1-0"]
[WhiteElo "2335"]
[BlackElo "2040"]
[PlyCount "99"]
[GameId "2148950860179039"]
[EventDate "2025.02.18"]
[EventType "swiss (blitz)"]
[EventRounds "11"]
[EventCountry "NET"]
[SourceTitle "The Week in Chess 1581"]
[Source "Mark Crowther"]
[SourceDate "2025.02.24"]
[SourceVersion "1"]
[SourceVersionDate "2025.02.24"]
[SourceQuality "2"]

1. e4 c6 2. Nf3 d5 3. Nc3 dxe4 4. Nxe4 Nf6 5. Qe2 Nxe4 6. Qxe4 Nd7 7. d4 Nf6 8. Qd3 g6 9. Be2 Bg7 10. O-O O-O 11. h3 Bf5 12. Qb3 Qb6 13. c3 Qxb3 14. axb3 Nd5 15. b4 a6 16. Ne5 Bxe5 17. dxe5 f6 18. Bh6 Rfe8 19. Bc4 fxe5 20. Rfe1 e4 21. g4 Be6 22. Rxe4 Bf7 23. Rae1 Nf6 24. Bxf7+ Kxf7 25. R4e2 Rad8 26. Bg5 Rd6 27. Kg2 h5 28. f3 e6 29. Re5 Rd5 30. Bf4 Rxe5 31. Rxe5 Nd7 32. Re2 e5 33. Bg5 Nf6 34. Rd2 Nd5 35. c4 Nxb4 36. Rd7+ Ke6 37. Rxb7 Nd3 38. Rg7 hxg4 39. hxg4 Nxb2 40. Rxg6+ Kd7 41. c5 Na4 42. Be3 Nc3 43. Rg7+ Re7 44. Rg6 Nd5 45. Rd6+ Kc7 46. Bd2 e4 47. fxe4 Rxe4 48. g5 Ne3+ 49. Kf3 Nf5 50. Ba5+ 1-0

[Event "Titled Tuesday 2025.02.18 Late"]
[Site "chess.com INT"]
[Date "2025.02.18"]
[Round "3"]
[White "Mendes, Aaron Reeve"]
[Black "Pap, G."]
[Result "1-0"]
[WhiteElo "2335"]
[BlackElo "2475"]
[PlyCount "67"]
[GameId "2148950860322635"]
[EventDate "2025.02.18"]
[EventType "swiss (blitz)"]
[EventRounds "11"]
[EventCountry "NET"]
[SourceTitle "The Week in Chess 1581"]
[Source "Mark Crowther"]
[SourceDate "2025.02.24"]
[SourceVersion "1"]
[SourceVersionDate "2025.02.24"]
[SourceQuality "2"]

1. e4 e5 2. Nf3 Nc6 3. d4 exd4 4. Nxd4 Bc5 5. Nb3 Bb6 6. Nc3 Qf6 7. Qe2 Nge7 8. Be3 d6 9. O-O-O Bd7 10. f3 O-O-O 11. h4 Rhe8 12. g4 Qe6 13. g5 f5 14. Bh3 Qf7 15. Bxb6 axb6 16. Nd4 Kb8 17. Nxc6+ Nxc6 18. Qd2 fxe4 19. fxe4 Bxh3 20. Rxh3 Rf8 21. a3 Rde8 22. Qe2 Qf2 23. Qb5 Qg2 24. Rhh1 Rf2 25. Qa4 Re5 26. Rhg1 Qf3 27. Rh1 b5 28. Qb3 Qe3+ 29. Kb1 Qc5 30. Rhf1 Rxf1 31. Rxf1 b4 32. axb4 Qxb4 33. Qg8+ Ka7 34. Qxg7 1-0

[Event "Titled Tuesday 2025.02.18 Late"]
[Site "chess.com INT"]
[Date "2025.02.18"]
[Round "4"]
[White "Paichadze, L."]
[Black "Mendes, Aaron Reeve"]
[Result "0-1"]
[WhiteElo "2532"]
[BlackElo "2335"]
[PlyCount "58"]
[GameId "2148950860437511"]
[EventDate "2025.02.18"]
[EventType "swiss (blitz)"]
[EventRounds "11"]
[EventCountry "NET"]
[SourceTitle "The Week in Chess 1581"]
[Source "Mark Crowther"]
[SourceDate "2025.02.24"]
[SourceVersion "1"]
[SourceVersionDate "2025.02.24"]
[SourceQuality "2"]

1. e4 c5 2. Nf3 d6 3. d4 cxd4 4. Qxd4 Nc6 5. Bb5 Bd7 6. Qd3 Nf6 7. Bg5 e6 8. Nc3 a6 9. Bxc6 Bxc6 10. O-O-O Be7 11. Nd4 Rc8 12. Rhe1 Qa5 13. Bd2 Qc7 14. f4 b5 15. e5 dxe5 16. fxe5 Nd7 17. Qg3 g6 18. Bg5 b4 19. Bxe7 Kxe7 20. Ne4 Bxe4 21. Rxe4 h6 22. Re2 Kf8 23. Qd3 Nc5 24. Qf3 Kg7 25. Qf6+ Kh7 26. h4 Rhd8 27. h5 g5 28. Qf2 Rd7 29. Rf1 Nd3+ 0-1

[Event "Titled Tuesday 2025.02.18 Late"]
[Site "chess.com INT"]
[Date "2025.02.18"]
[Round "5"]
[White "Bartel, Mat"]
[Black "Mendes, Aaron Reeve"]
[Result "1/2-1/2"]
[WhiteElo "2629"]
[BlackElo "2335"]
[PlyCount "102"]
[GameId "2148950860601615"]
[EventDate "2025.02.18"]
[EventType "swiss (blitz)"]
[EventRounds "11"]
[EventCountry "NET"]
[SourceTitle "The Week in Chess 1581"]
[Source "Mark Crowther"]
[SourceDate "2025.02.24"]
[SourceVersion "1"]
[SourceVersionDate "2025.02.24"]
[SourceQuality "2"]

1. e4 c5 2. Nf3 d6 3. c3 Nf6 4. Bd3 g6 5. Bc2 Bg7 6. h3 O-O 7. d4 cxd4 8. cxd4 Nc6 9. Nc3 e5 10. d5 Nd4 11. Be3 Nxc2+ 12. Qxc2 Bd7 13. O-O b5 14. a3 a5 15. b4 a4 16. Qd3 Qb8 17. Rac1 Rc8 18. Rc2 Qb7 19. Rfc1 Rc4 20. Nd2 Rcc8 21. g4 h5 22. f3 hxg4 23. hxg4 Rc7 24. Ne2 Rac8 25. Rxc7 Rxc7 26. Rxc7 Qxc7 27. Qc3 Qb7 28. Qd3 Ne8 29. Nc3 Bf6 30. Kf2 Nc7 31. Ke2 Na6 32. Kd1 Bd8 33. Qf1 Bb6 34. Qf2 Qc7 35. Kc2 Bxe3 36. Qxe3 Kg7 37. Kb2 f6 38. Qd3 Qb6 39. Nd1 Qg1 40. Kc2 Kf7 41. Qe3 Qxe3 42. Nxe3 Nc7 43. Nb1 Na8 44. Nc3 Nb6 45. Kd3 g5 46. Ne2 Kg7 47. Ng3 Kg6 48. Kc3 Kf7 49. Kd3 Kg6 50. Kc3 Kf7 51. Kd3 Kg6 1/2-1/2

[Event "Titled Tuesday 2025.02.18 Late"]
[Site "chess.com INT"]
[Date "2025.02.18"]
[Round "6"]
[White "Mendes, Aaron Reeve"]
[Black "Oparin, G."]
[Result "0-1"]
[WhiteElo "2335"]
[BlackElo "2660"]
[PlyCount "120"]
[GameId "2148950860761633"]
[EventDate "2025.02.18"]
[EventType "swiss (blitz)"]
[EventRounds "11"]
[EventCountry "NET"]
[SourceTitle "The Week in Chess 1581"]
[Source "Mark Crowther"]
[SourceDate "2025.02.24"]
[SourceVersion "1"]
[SourceVersionDate "2025.02.24"]
[SourceQuality "2"]

1. e4 c5 2. Nf3 e6 3. b3 a6 4. Bb2 d5 5. exd5 exd5 6. Qe2+ Qe7 7. Qxe7+ Nxe7 8. d4 cxd4 9. Nxd4 Nbc6 10. Nd2 Nxd4 11. Bxd4 Nc6 12. Bb2 f6 13. O-O-O Be6 14. g3 Bc5 15. f4 O-O-O 16. Bg2 Rhe8 17. Rde1 Bf5 18. a3 Be3 19. h3 d4 20. g4 Bd7 21. f5 Ne5 22. Kd1 h5 23. Nc4 Nxc4 24. bxc4 Ba4 25. Bc1 Re5 26. Bd5 b5 27. Bxe3 dxe3 28. Kc1 Kc7 29. gxh5 bxc4 30. Bxc4 Rd2 31. Bd3 Rf2 32. Rhg1 Re7 33. Rg3 e2 34. Kd2 Bd7 35. Re3 Rxe3 36. Kxe3 Rh2 37. Rxe2 Rxh3+ 38. Kd4 Rh4+ 39. Kc5 Rxh5 40. Re7 g6 41. Rf7 gxf5 42. Rxf6 Rg5 43. Rxa6 f4+ 44. Kd4 f3 45. Rf6 Bc6 46. Ke3 Re5+ 47. Kf2 Ra5 48. Bc4 Rxa3 49. Bb3 Ra5 50. Rf4 Rg5 51. Ke3 Re5+ 52. Kf2 Re2+ 53. Kg3 Rg2+ 54. Kh3 Rg5 55. Bc4 Kd6 56. Bd3 Ke5 57. Rf8 Bd5 58. c4 Bc6 59. Rd8 Kf4 60. Rd6 Rh5# 0-1

[Event "Titled Tuesday 2025.02.18 Late"]
[Site "chess.com INT"]
[Date "2025.02.18"]
[Round "7"]
[White "Mendes, Aaron Reeve"]
[Black "Galchenko, Matvey"]
[Result "1-0"]
[WhiteElo "2335"]
[BlackElo "2438"]
[PlyCount "179"]
[GameId "2148950861101821"]
[EventDate "2025.02.18"]
[EventType "swiss (blitz)"]
[EventRounds "11"]
[EventCountry "NET"]
[SourceTitle "The Week in Chess 1581"]
[Source "Mark Crowther"]
[SourceDate "2025.02.24"]
[SourceVersion "1"]
[SourceVersionDate "2025.02.24"]
[SourceQuality "2"]

1. e4 e6 2. Nf3 d5 3. Nc3 d4 4. Ne2 c5 5. c3 Nf6 6. e5 Nfd7 7. cxd4 cxd4 8. Nexd4 Nxe5 9. Nxe5 Qxd4 10. Nf3 Qd8 11. d4 Be7 12. Bd3 O-O 13. O-O Nc6 14. a3 Bf6 15. Be3 Ne7 16. Rc1 Nd5 17. Qc2 g6 18. Bh6 Re8 19. Ne5 Bd7 20. Qb3 Bc6 21. Be4 Rc8 22. Qf3 Bxe5 23. dxe5 Qh4 24. Bd2 Ne7 25. Bxc6 Nxc6 26. Bc3 Rcd8 27. Qe3 Rd5 28. g3 Qg4 29. f3 Qf5 30. g4 Qd3 31. Qxd3 Rxd3 32. Kf2 Red8 33. Ke2 Ne7 34. Rcd1 Rxd1 35. Rxd1 Nd5 36. Bd4 Nf4+ 37. Ke3 g5 38. Rd2 b6 39. Kf2 h6 40. Be3 Nd5 41. h4 gxh4 42. Bxh6 Rc8 43. Bg5 h3 44. Kg3 Kh7 45. Kxh3 Kg6 46. f4 Rc1 47. Kg3 Rg1+ 48. Kf3 Rf1+ 49. Kg3 Re1 50. Rh2 Re3+ 51. Kf2 Rb3 52. Kg1 a5 53. Bd8 Nxf4 54. Rc2 a4 55. Rd2 b5 56. Ba5 Nd5 57. Kg2 Kg5 58. Rf2 Nf4+ 59. Kf1 Kxg4 60. Bd2 Nd3 61. Rg2+ Kf3 62. Bc3 Nf4 63. Rf2+ Ke4 64. Bd2 Nd5 65. Re2+ Kf5 66. Be1 Rf3+ 67. Bf2 Rf4 68. Kg2 Re4 69. Rc2 Kxe5 70. Rc5 b4 71. Ra5 b3 72. Ra7 f5 73. Kf3 Rc4 74. Bg3+ f4 75. Bf2 Rc2 76. Rxa4 Rxb2 77. Bd4+ Kf5 78. Bxb2 e5 79. Re4 Ne3 80. Rxe5+ Kg6 81. Kxf4 Nc4 82. Re2 Kf7 83. Ke4 Na5 84. Kd5 Nb7 85. Bc3 Nd8 86. Rb2 Ne6 87. Rxb3 Nf4+ 88. Kc6 Ke6 89. a4 Ne2 90. a5 1-0

[Event "Titled Tuesday 2025.02.18 Late"]
[Site "chess.com INT"]
[Date "2025.02.18"]
[Round "8"]
[White "Bluebaum, M."]
[Black "Mendes, Aaron Reeve"]
[Result "1-0"]
[WhiteElo "2643"]
[BlackElo "2335"]
[PlyCount "47"]
[GameId "2148950861118228"]
[EventDate "2025.02.18"]
[EventType "swiss (blitz)"]
[EventRounds "11"]
[EventCountry "NET"]
[SourceTitle "The Week in Chess 1581"]
[Source "Mark Crowther"]
[SourceDate "2025.02.24"]
[SourceVersion "1"]
[SourceVersionDate "2025.02.24"]
[SourceQuality "2"]

1. d4 d5 2. c4 c6 3. Nf3 Nf6 4. Nc3 dxc4 5. e4 b5 6. Qc2 e6 7. Be2 Nbd7 8. O-O a5 9. b3 cxb3 10. axb3 Be7 11. e5 Nd5 12. Nxd5 cxd5 13. Bxb5 O-O 14. Bd3 g6 15. Bh6 Re8 16. Rfc1 Ba6 17. Bxa6 Rxa6 18. Qc7 Rb6 19. Rxa5 Rxb3 20. h4 Rb8 21. Ra7 Nf8 22. Bg5 f6 23. exf6 Bxf6 24. Qf7+ 1-0

[Event "Titled Tuesday 2025.02.18 Late"]
[Site "chess.com INT"]
[Date "2025.02.18"]
[Round "9"]
[White "Mendes, Aaron Reeve"]
[Black "Baskakov, Egor"]
[Result "0-1"]
[WhiteElo "2335"]
[BlackElo "2215"]
[PlyCount "102"]
[GameId "2148950861249544"]
[EventDate "2025.02.18"]
[EventType "swiss (blitz)"]
[EventRounds "11"]
[EventCountry "NET"]
[SourceTitle "The Week in Chess 1581"]
[Source "Mark Crowther"]
[SourceDate "2025.02.24"]
[SourceVersion "1"]
[SourceVersionDate "2025.02.24"]
[SourceQuality "2"]

1. e4 c5 2. Nf3 Nf6 3. e5 Nd5 4. c4 Nc7 5. d4 cxd4 6. Nxd4 Nc6 7. Nxc6 bxc6 8. Nc3 g6 9. Bd3 Bg7 10. Qe2 O-O 11. O-O Ne6 12. f4 d6 13. Kh1 Qa5 14. Bd2 Qc7 15. Rae1 Rb8 16. b3 dxe5 17. fxe5 Bb7 18. Na4 Rbd8 19. Bc3 c5 20. Be4 Bc6 21. Bxc6 Qxc6 22. Rd1 h5 23. Qe3 Rd7 24. Rxd7 Qxd7 25. Qf3 Qc7 26. Qe2 Qc6 27. Qf2 Qe4 28. Re1 Qd3 29. Re3 Qd1+ 30. Re1 Qd7 31. Nxc5 Nxc5 32. Qxc5 Qd3 33. Qe3 Qc2 34. Qd2 Qf5 35. Qe2 Rd8 36. h3 h4 37. Rf1 Qg5 38. Qf3 Kh7 39. Qxf7 Rf8 40. Qxf8 Bxf8 41. Rxf8 Qc1+ 42. Kh2 Qxc3 43. Rf7+ Kh6 44. Rxe7 Qg3+ 45. Kh1 g5 46. Rxa7 Qe1+ 47. Kh2 Qxe5+ 48. Kh1 g4 49. hxg4 h3 50. Ra6+ Kg5 51. gxh3 Qe2 0-1

[Event "Titled Tuesday 2025.02.18 Late"]
[Site "chess.com INT"]
[Date "2025.02.18"]
[Round "10"]
[White "Herbrig, Alexander"]
[Black "Mendes, Aaron Reeve"]
[Result "0-1"]
[WhiteElo "2306"]
[BlackElo "2335"]
[PlyCount "128"]
[GameId "2148950861335709"]
[EventDate "2025.02.18"]
[EventType "swiss (blitz)"]
[EventRounds "11"]
[EventCountry "NET"]
[SourceTitle "The Week in Chess 1581"]
[Source "Mark Crowther"]
[SourceDate "2025.02.24"]
[SourceVersion "1"]
[SourceVersionDate "2025.02.24"]
[SourceQuality "2"]

1. d4 d5 2. Nf3 Nf6 3. g3 g6 4. Bg2 Bg7 5. O-O O-O 6. c4 c6 7. cxd5 cxd5 8. Ne5 Nc6 9. Nc3 e6 10. Bf4 Nh5 11. Nxc6 bxc6 12. Na4 Nxf4 13. gxf4 Qa5 14. e3 Ba6 15. Re1 Rab8 16. b3 Rfc8 17. Rc1 Bb5 18. Nc3 Bf8 19. Nxb5 cxb5 20. Qe2 Ba3 21. Rxc8+ Rxc8 22. e4 dxe4 23. Qxe4 Bb4 24. Rf1 Qxa2 25. Qb7 Rd8 26. d5 Qxb3 27. dxe6 Qxe6 28. Qxb5 Qb6 29. Qc4 Kg7 30. f5 gxf5 31. Rb1 Rd4 32. Qc2 f4 33. Qf5 Qf6 34. Qxf6+ Kxf6 35. Bc6 a5 36. Kg2 Rd2 37. Kf3 Bc5 38. Kxf4 Rxf2+ 39. Kg3 Rd2 40. Rf1+ Kg7 41. h3 Bd6+ 42. Kg4 Rd4+ 43. Kf3 Rf4+ 44. Kg2 Rxf1 45. Kxf1 Kf6 46. Kg2 Ke5 47. Kf3 Kd4 48. Kg4 Be5 49. Kf5 Bg7 50. Be8 f6 51. h4 Kc5 52. h5 Kb4 53. h6 Bh8 54. Ke6 a4 55. Kf5 a3 56. Bg6 hxg6+ 57. Kxg6 f5 58. Kh7 Bc3 59. Kg8 a2 60. h7 a1=Q 61. Kf7 Qa2+ 62. Kg6 Qe6+ 63. Kg5 Bd2+ 64. Kh5 Qh6# 0-1

[Event "Titled Tuesday 2025.02.18 Late"]
[Site "chess.com INT"]
[Date "2025.02.18"]
[Round "11"]
[White "Ryabukhin, Roman"]
[Black "Mendes, Aaron Reeve"]
[Result "1-0"]
[WhiteElo "2209"]
[BlackElo "2335"]
[PlyCount "151"]
[GameId "2148950861458781"]
[EventDate "2025.02.18"]
[EventType "swiss (blitz)"]
[EventRounds "11"]
[EventCountry "NET"]
[SourceTitle "The Week in Chess 1581"]
[Source "Mark Crowther"]
[SourceDate "2025.02.24"]
[SourceVersion "1"]
[SourceVersionDate "2025.02.24"]
[SourceQuality "2"]

1. e4 c5 2. Nf3 d6 3. d4 cxd4 4. Nxd4 Nf6 5. Nc3 a6 6. Rg1 e5 7. Nb3 Be6 8. g4 d5 9. exd5 Nxd5 10. Nxd5 Qxd5 11. Qxd5 Bxd5 12. Be3 Nc6 13. O-O-O O-O-O 14. g5 Kc7 15. c3 Be7 16. Be2 Be6 17. f4 exf4 18. Bxf4+ Bd6 19. Rxd6 Rxd6 20. Rd1 Rhd8 21. Nc5 Bxa2 22. Rxd6 Rxd6 23. Ne4 Kd7 24. Nxd6 Nd8 25. Nf5 g6 26. Nd4 Bd5 27. c4 Be4 28. Bf3 Bxf3 29. Nxf3 Ne6 30. Be3 Ke7 31. Nd4 Nd8 32. h4 Kd7 33. Kd2 b6 34. b4 Nb7 35. Bf4 a5 36. bxa5 bxa5 37. Nf3 Ke6 38. Be3 Kf5 39. c5 Nd8 40. Nd4+ Kg4 41. Bf2 Kf4 42. c6 Nxc6 43. Nxc6 Kf3 44. Ke1 a4 45. Nd4+ Ke4 46. Nb5 Kf3 47. Nc3 a3 48. Bc5 Kg3 49. Bf2+ Kf3 50. Kf1 Kg4 51. Kg2 Kf5 52. Kf3 f6 53. gxf6 Kxf6 54. Kg4 h5+ 55. Kf4 g5+ 56. hxg5+ Kg6 57. Bc5 h4 58. Bxa3 h3 59. Ne4 h2 60. Ng3 Kh7 61. Nh1 Kg6 62. Kg4 Kh7 63. Kf5 Kg7 64. Bb2+ Kh7 65. g6+ Kg8 66. Kg5 Kf8 67. Kh6 Kg8 68. Ng3 Kf8 69. Kh7 Ke7 70. Nh1 Ke6 71. g7 Kd5 72. g8=Q+ Ke4 73. Qg4+ Ke3 74. Bd4+ Kd3 75. Nf2+ Kd2 76. Qd1# 1-0

[Event "Titled Tuesday 2025.02.25 Late"]
[Site "chess.com INT"]
[Date "2025.02.25"]
[Round "1"]
[White "Mendes, Aaron Reeve"]
[Black "Siegel, N."]
[Result "1-0"]
[WhiteElo "2335"]
[BlackElo "2228"]
[PlyCount "85"]
[GameId "2151502156922877"]
[EventDate "2025.02.25"]
[EventType "swiss (blitz)"]
[EventRounds "11"]
[EventCountry "NET"]
[SourceTitle "The Week in Chess 1582"]
[SourceDate "2025.03.03"]
[SourceVersion "1"]
[SourceVersionDate "2025.03.03"]
[SourceQuality "2"]

1. e4 Nf6 2. e5 Nd5 3. c4 Nb6 4. Nc3 d6 5. exd6 cxd6 6. d4 Nc6 7. Nf3 Bg4 8. Be2 Bxf3 9. Bxf3 Nxc4 10. Qa4 Nb6 11. Bxc6+ bxc6 12. Qxc6+ Qd7 13. Qf3 g6 14. O-O Bg7 15. Re1 O-O 16. Bg5 Rfe8 17. Rad1 d5 18. b3 Rac8 19. Rd3 e6 20. Bf4 Rc6 21. Be5 Rec8 22. Bxg7 Kxg7 23. Qe3 Qd6 24. h4 Qb4 25. Nb1 h5 26. Qe5+ Kg8 27. Nd2 Nd7 28. Qg5 Rc1 29. Rxc1 Rxc1+ 30. Kh2 Qd6+ 31. g3 Kg7 32. Rf3 Rc2 33. a4 Qb4 34. Nf1 Qxd4 35. Ne3 Rb2 36. Rf4 Qxe3 37. Rxf7+ Kxf7 38. Qxe3 a5 39. Qa7 Ke7 40. Qxa5 Rxf2+ 41. Kh3 Ne5 42. Qa7+ Kf6 43. Qxf2+ 1-0